[Event "Tournoi francophone 014 Groupe E"]
[Site "Skype"]
[Date "????.??.??"]
[Round "1.1"]
[White "Rodriguez, Nathalie"]
[Black "Ruiz Aguilera, Juan Jesus"]
[Result "0-1"]
[WhiteElo "1266"]
[BlackElo "1083"]
[PlyCount "82"]

1. c4 e5 2. e4 Nf6 3. d3 Bc5 4. Be3 Bxe3 5. fxe3 d6 6. Nf3 c5 7. Be2 Qb6 8. b3
Be6 9. h3 Nbd7 10. Nc3 Qc7 11. Ng5 h6 12. Nxe6 fxe6 13. O-O O-O 14. d4 exd4 15.
exd4 e5 16. d5 a6 17. Bd3 Qa5 18. Ne2 Rab8 19. Ng3 g6 20. Qe1 Qxe1 21. Raxe1 b5
22. cxb5 axb5 23. Rf3 Ra8 24. Re2 b4 25. Ref2 Kg7 26. Bb5 Ra7 27. Bxd7 Rxd7 28.
Nf1 Rdf7 29. Ne3 Nxe4 30. Rf1 Rxf3 31. Rxf3 Rxf3 32. gxf3 Nc3 33. Nc4 Nxa2 34.
Nxd6 Nc1 35. Nc4 Nxb3 36. d6 Kf7 37. Nxe5+ Ke6 38. Nc4 Nd4 39. Kg2 Nb5 40. f4
Nxd6 41. Nxd6 Kxd6 0-1

[Event "Tournoi francophone 014 Groupe E"]
[Site "Skype"]
[Date "????.??.??"]
[Round "1.2"]
[White "Guillaume, Mickael"]
[Black "Ramirez, Luis Antonio"]
[Result "1-0"]
[WhiteElo "1106"]
[BlackElo "1075"]
[PlyCount "65"]

1. c4 d6 2. d4 Nf6 3. Nc3 g6 4. e4 e5 5. Nf3 Bg7 6. Bg5 O-O 7. Qd2 Kh8 8. dxe5
dxe5 9. Qxd8 Rxd8 10. Nxe5 Rf8 11. O-O-O Bd7 12. c5 c6 13. Bc4 Be6 14. Bxf6
Bxf6 15. Bxe6 Bxe5 16. Bc4 Na6 17. Bxa6 bxa6 18. Rd3 Bf6 19. Rd6 Bxc3 20. bxc3
Kg7 21. Rxc6 Rab8 22. Rxa6 Rfc8 23. Ra5 Rb7 24. Rd1 Rbc7 25. Rd5 Re8 26. e5
Rxe5 27. Rxe5 f6 28. Re6 Rf7 29. c6 f5 30. Rc5 Rc7 31. Rd6 Kh6 32. Rd7 Rc8 33.
c7 1-0

[Event "Tournoi francophone 014 Groupe E"]
[Site "Skype"]
[Date "????.??.??"]
[Round "1.3"]
[White "Hargez, Dany"]
[Black "Vello, Pablo"]
[Result "1-0"]
[WhiteElo "1296"]
[BlackElo "1135"]
[PlyCount "77"]

1. e4 e6 2. d4 d5 3. exd5 exd5 4. Nf3 Nf6 5. Bg5 Bf5 6. Bd3 Bxd3 7. Qxd3 c6 8.
O-O Be7 9. Bxf6 Bxf6 10. Re1+ Be7 11. Ng5 h6 12. Nf3 Nd7 13. Nbd2 O-O 14. Ne5
Nxe5 15. Rxe5 Bd6 16. Rh5 Re8 17. Nf3 Qc7 18. Rf1 Re7 19. g4 f6 20. Qg6 Bf4 21.
g5 fxg5 22. Rxh6 g4 23. Qh7+ Kf7 24. Ne5+ Bxe5 25. Qg6+ Kg8 26. dxe5 Qxe5 27.
Rh4 Rae8 28. Rxg4 Qxb2 29. a4 Qe5 30. Rg5 Qc3 31. h4 Re6 32. Qh5 Qxc2 33. Qg4
Qh7 34. h5 Re3 35. Qg3 Re1 36. h6 Rxf1+ 37. Kxf1 Qb1+ 38. Kg2 Qe4+ 39. Kh2 1-0

[Event "Tournoi francophone 014 Groupe E"]
[Site "Skype"]
[Date "????.??.??"]
[Round "1.4"]
[White "Maccaferri, Massimo"]
[Black "Dhenain, Sebastien"]
[Result "1-0"]
[WhiteElo "1074"]
[BlackElo "1086"]
[PlyCount "45"]

1. e4 e5 2. Bc4 Bc5 3. Nc3 Nf6 4. Nd5 Nxe4 5. Qg4 Bxf2+ 6. Kf1 Qh4 7. Qxg7 Rf8
8. Nxc7+ Kd8 9. Qxf8+ Kxc7 10. Nf3 Ng3+ 11. hxg3 Qxh1+ 12. Kxf2 d6 13. Qxf7+
Bd7 14. Be6 Qd1 15. b4 Qxc2 16. Ba3 e4 17. Rc1 e3+ 18. Kxe3 Qxc1 19. Bxc1 b6
20. b5 Kc8 21. Bxd7+ Nxd7 22. Qe8+ Kb7 23. Qxd7+ 1-0

[Event "Tournoi francophone 014 Groupe E"]
[Site "Skype"]
[Date "????.??.??"]
[Round "1.5"]
[White "Cengiz, Ali Ekber"]
[Black "Busto, Ricardo"]
[Result "0-1"]
[WhiteElo "1098"]
[BlackElo "1210"]
[PlyCount "80"]

1. e4 c5 2. Nf3 d6 3. Nc3 Nf6 4. Bc4 e6 5. d4 cxd4 6. Qxd4 a6 7. Be3 Nc6 8. Qd1
b5 9. Bd3 Be7 10. a3 O-O 11. O-O Ng4 12. Bd2 Nge5 13. Be2 Bb7 14. Be3 Rb8 15.
Qe1 Ng4 16. Bd2 Qc7 17. h3 Nge5 18. Nh2 Rfe8 19. f4 Qb6+ 20. Kh1 Nc4 21. Bxc4
bxc4 22. Ne2 Qxb2 23. Bc3 Qb5 24. Qg3 e5 25. Ng4 g6 26. fxe5 dxe5 27. Nh6+ Kg7
28. Nxf7 Rf8 29. Nd4 exd4 30. Bd2 Rxf7 31. Rf5 Rxf5 32. exf5 Qxf5 33. Rb1 Qxc2
34. Qe1 Bxa3 35. Bf4 Qc3 36. Be5+ Kg8 37. Bxb8 Qxe1+ 38. Rxe1 Kf7 39. Be5 Nxe5
40. Rxe5 d3 0-1

[Event "Tournoi francophone 014 Groupe E"]
[Site "Skype"]
[Date "????.??.??"]
[Round "2.1"]
[White "Ruiz Aguilera, Juan Jesus"]
[Black "Busto, Ricardo"]
[Result "1/2-1/2"]
[WhiteElo "1083"]
[BlackElo "1210"]
[PlyCount "48"]

1. d4 Nf6 2. Bf4 d6 3. d5 h6 4. h3 c6 5. c4 cxd5 6. cxd5 Qa5+ 7. Nc3 Ne4 8. Bd2
Nxc3 9. Bxc3 Qd8 10. e4 e6 11. Bb5+ Bd7 12. Bxd7+ Qxd7 13. Nf3 exd5 14. exd5
Be7 15. O-O O-O 16. Rc1 Na6 17. Re1 Rfe8 18. Qd4 Bf6 19. Rxe8+ Rxe8 20. Qxa7
Bxc3 21. bxc3 Nc5 22. Re1 Rxe1+ 23. Nxe1 b5 24. Qxd7 Nxd7 1/2-1/2

[Event "Tournoi francophone 014 Groupe E"]
[Site "Skype"]
[Date "????.??.??"]
[Round "2.2"]
[White "Dhenain, Sebastien"]
[Black "Cengiz, Ali Ekber"]
[Result "0-1"]
[WhiteElo "1086"]
[BlackElo "1098"]
[PlyCount "62"]

1. e4 e5 2. Nf3 d6 3. c3 Nf6 4. d4 Nc6 5. d5 Ne7 6. Bb5+ c6 7. dxc6 bxc6 8. Bc4
Nxe4 9. Ng5 Nxg5 10. Bxg5 d5 11. Be2 Bf5 12. Nd2 f6 13. Bh4 Ng6 14. Bh5 Be7 15.
O-O Be6 16. Bg4 Bf7 17. Bg3 h5 18. Bf5 h4 19. Qa4 hxg3 20. Qxc6+ Kf8 21. hxg3
Bd6 22. Qd7 Ne7 23. Qxd8+ Rxd8 24. Bh3 g5 25. Rad1 f5 26. g4 fxg4 27. Bxg4 Ng6
28. Nf3 e4 29. Nxg5 Bg8 30. Be6 Nf4 31. Bxg8 Ne2# 0-1

[Event "Tournoi francophone 014 Groupe E"]
[Site "Skype"]
[Date "????.??.??"]
[Round "2.3"]
[White "Vello, Pablo"]
[Black "Maccaferri, Massimo"]
[Result "0-1"]
[WhiteElo "1135"]
[BlackElo "1074"]
[PlyCount "42"]

1. d4 e5 2. dxe5 Nc6 3. Nf3 Qe7 4. Nc3 Nxe5 5. Nxe5 Qxe5 6. Qd5 Qf6 7. e4 Bb4
8. Bd2 Ne7 9. Qc4 a5 10. O-O-O d6 11. f3 Bf5 12. exf5 Qxf5 13. Bd3 Qd7 14. Rhe1
O-O 15. Nd5 Bxd2+ 16. Rxd2 Rfe8 17. Qxc7 Qa4 18. Bc4 Nxd5 19. Rxe8+ Rxe8 20.
Bxd5 Re1+ 21. Rd1 Qf4+ 0-1

[Event "Tournoi francophone 014 Groupe E"]
[Site "Skype"]
[Date "????.??.??"]
[Round "2.4"]
[White "Ramirez, Luis Antonio"]
[Black "Hargez, Dany"]
[Result "0-1"]
[WhiteElo "1075"]
[BlackElo "1296"]
[PlyCount "60"]

1. c4 e5 2. e4 Nf6 3. Nc3 Bb4 4. a3 Bxc3 5. bxc3 Nxe4 6. d3 Nxc3 7. Qc2 d5 8.
Qxc3 d4 9. Qb3 O-O 10. Nf3 c5 11. Be2 Bg4 12. h3 Bxf3 13. Bxf3 Nc6 14. Qxb7 e4
15. Bxe4 Re8 16. O-O Ne5 17. Bd5 Qf6 18. f3 Nxd3 19. Bd2 Ne5 20. Rab1 h6 21.
Qb3 d3 22. Bxa8 Rxa8 23. f4 Nc6 24. Qb7 Re8 25. Rbe1 Re2 26. Qa8+ Kh7 27. Rb1
Rxd2 28. Rb7 Qd4+ 29. Kh2 Qe4 30. Rxf7 Qxg2# 0-1

[Event "Tournoi francophone 014 Groupe E"]
[Site "Skype"]
[Date "????.??.??"]
[Round "2.5"]
[White "Rodriguez, Nathalie"]
[Black "Guillaume, Mickael"]
[Result "0-1"]
[WhiteElo "1266"]
[BlackElo "1106"]
[PlyCount "42"]

1. c4 e5 2. e4 Nf6 3. d3 Bb4+ 4. Nc3 O-O 5. Nf3 Nc6 6. Qb3 d6 7. Be2 a5 8. a3
a4 9. Qc2 Bc5 10. O-O Bd7 11. h3 Nd4 12. Nxd4 Bxd4 13. Be3 c5 14. Nb5 Bxb5 15.
cxb5 Ra5 16. Bxd4 cxd4 17. Qc4 Qb6 18. Rac1 Rxb5 19. Qxa4 Rxb2 20. f4 Rxe2 21.
fxe5 Qb2 0-1

[Event "Tournoi francophone 014 Groupe E"]
[Site "Skype"]
[Date "????.??.??"]
[Round "3.1"]
[White "Guillaume, Mickael"]
[Black "Ruiz Aguilera, Juan Jesus"]
[Result "1-0"]
[WhiteElo "1106"]
[BlackElo "1083"]
[PlyCount "87"]

1. e4 e5 2. Nf3 d6 3. Be2 Nf6 4. Nc3 Be6 5. O-O Be7 6. d4 c6 7. dxe5 dxe5 8.
Nxe5 Nbd7 9. Nxd7 Qxd7 10. Bg5 O-O-O 11. e5 Ng4 12. Qxd7+ Rxd7 13. Bxe7 Rxe7
14. f4 Ne3 15. Rfc1 Bf5 16. Bd3 Rd8 17. Nd1 Bxd3 18. Nxe3 Be4 19. Rd1 Red7 20.
Rxd7 Rxd7 21. Rc1 Rd2 22. Kf1 Kd7 23. Ke1 Rd4 24. g3 Ke6 25. Rd1 Rxd1+ 26. Kxd1
f6 27. exf6 Kxf6 28. Kd2 g5 29. fxg5+ Kxg5 30. c4 b5 31. cxb5 cxb5 32. Kc3 a5
33. Kd4 Bb1 34. h4+ Kh5 35. Kc5 b4 36. Kb5 Bxa2 37. Kxa5 b3 38. Kb5 Bb1 39. Kb4
Bc2 40. Kc3 h6 41. Nxc2 bxc2 42. Kxc2 Kg4 43. b4 Kxg3 44. b5 1-0

[Event "Tournoi francophone 014 Groupe E"]
[Site "Skype"]
[Date "????.??.??"]
[Round "3.2"]
[White "Hargez, Dany"]
[Black "Rodriguez, Nathalie"]
[Result "1-0"]
[WhiteElo "1296"]
[BlackElo "1266"]
[PlyCount "43"]

1. e4 c5 2. Nf3 Nc6 3. Bb5 Nf6 4. d3 e5 5. Bxc6 dxc6 6. Nxe5 Bd6 7. Nc4 b5 8.
e5 Be7 9. exf6 Bxf6 10. Ne3 O-O 11. O-O Be6 12. c4 bxc4 13. dxc4 Qc7 14. Nd2
Be5 15. Nf3 Bd6 16. Re1 Rfe8 17. Nf1 h6 18. b3 Rad8 19. Qc2 Bf5 20. Qxf5 Rd7
21. Rxe8+ Bf8 22. Bxh6 1-0

[Event "Tournoi francophone 014 Groupe E"]
[Site "Skype"]
[Date "????.??.??"]
[Round "3.3"]
[White "Maccaferri, Massimo"]
[Black "Ramirez, Luis Antonio"]
[Result "0-1"]
[WhiteElo "1074"]
[BlackElo "1075"]
[PlyCount "132"]

1. b3 Nf6 2. Ba3 d6 3. d3 Nbd7 4. e4 e5 5. d4 d5 6. Bxf8 Nxf8 7. dxe5 Nxe4 8.
g3 Bg4 9. Bg2 Bxd1 10. Kxd1 Nxf2+ 11. Ke2 Nxh1 12. Nc3 Nxg3+ 13. hxg3 Qg5 14.
Bxd5 Qxe5+ 15. Kd2 O-O-O 16. Re1 Qxg3 17. Nge2 Ng6 18. Nxg3 c6 19. Nf5 cxd5 20.
Nxg7 d4 21. Nb5 Kb8 22. Nf5 Rd5 23. Nfd6 Rd8 24. Nxf7 Rf8 25. Nfd6 Ne5 26. Rh1
Nf3+ 27. Kd3 Ng5 28. Kc4 Re5 29. Kxd4 Re7 30. Kd5 a6 31. Nd4 Nf3 32. Rf1 Re5+
33. Kc4 b6 34. Nc6+ Kc7 35. Nxe5 Nxe5+ 36. Kd5 Rxf1 37. Kxe5 h5 38. Nf5 Rh1 39.
Ng3 Re1+ 40. Kd4 h4 41. Ne4 h3 42. Nf2 h2 43. Kd3 Re6 44. a4 Rf6 45. Ke2 Rxf2+
46. Kxf2 h1=Q 47. Ke2 Kc6 48. Kd3 Qd5+ 49. Kc3 Qa5+ 50. Kb2 Qe5+ 51. c3 Qe2+
52. Kb1 b5 53. axb5+ Qxb5 54. Kb2 Qe2+ 55. Ka3 Qe1 56. c4 Kc5 57. Kb2 a5 58.
Ka2 Qb4 59. Kb2 a4 60. Kc2 Qxb3+ 61. Kc1 a3 62. Kd2 a2 63. Kc1 a1=R+ 64. Kd2
Ra2+ 65. Kc1 Qb2+ 66. Kd1 Qd2# 0-1

[Event "Tournoi francophone 014 Groupe E"]
[Site "Skype"]
[Date "????.??.??"]
[Round "3.4"]
[White "Cengiz, Ali Ekber"]
[Black "Vello, Pablo"]
[Result "0-1"]
[WhiteElo "1098"]
[BlackElo "1135"]
[PlyCount "64"]

1. e4 e6 2. d4 d5 3. e5 c5 4. Nf3 Qb6 5. c3 Nc6 6. b3 Bd7 7. Ba3 Nh6 8. Be2
cxd4 9. Bb2 Nf5 10. a4 a5 11. O-O dxc3 12. Nxc3 Ncd4 13. Nxd4 Nxd4 14. Bb5 Nxb5
15. Nxb5 Bxb5 16. Rc1 Bxf1 17. Bd4 Qd8 18. Qxf1 Rc8 19. Qb5+ Rc6 20. Rb1 Bb4
21. Qxb7 Qc8 22. Qb5 O-O 23. Qf1 Qd7 24. g4 Rfc8 25. Bb2 Rc2 26. h4 Qa7 27. h5
Bc5 28. Kh1 Rxf2 29. Qh3 Qb7 30. g5 d4+ 31. Kg1 d3 32. g6 Rf3+ 0-1

[Event "Tournoi francophone 014 Groupe E"]
[Site "Skype"]
[Date "????.??.??"]
[Round "3.5"]
[White "Busto, Ricardo"]
[Black "Dhenain, Sebastien"]
[Result "1-0"]
[WhiteElo "1210"]
[BlackElo "1086"]
[PlyCount "152"]

1. d4 d5 2. Nf3 Nc6 3. Bf4 Nf6 4. e3 e6 5. c3 Bd6 6. Ne5 Nd7 7. Nd2 Ncxe5 8.
dxe5 Bxe5 9. Nf3 Bxf4 10. exf4 O-O 11. Bd3 Nc5 12. Be2 h6 13. O-O Re8 14. b4
Ne4 15. Qc2 a5 16. c4 axb4 17. cxd5 exd5 18. Ne5 f6 19. Bh5 Re7 20. Ng6 Re8 21.
Ne5 Rf8 22. f3 Nc3 23. Ng6 Re8 24. a3 Ne2+ 25. Kh1 b6 26. Rfe1 Nd4 27. Qf2
Rxe1+ 28. Rxe1 Rxa3 29. Qxd4 b3 30. Qb2 Ra2 31. Qxb3 Ra8 32. Ne7+ Kf8 33. Qxd5
Qxd5 34. Nxd5 Ba6 35. Nxc7 Ra7 36. Nxa6 Rxa6 37. Kg1 b5 38. Bg6 Ra8 39. Kf2 b4
40. Ke3 Ra3+ 41. Kd4 Ra8 42. Rb1 Ra4 43. Kc4 Ke7 44. Rxb4 Ra2 45. Rb7+ Kd8 46.
g4 Rxh2 47. Rxg7 Rh4 48. Bh5 Rh3 49. Rg6 Rh4 50. Rxh6 Rh3 51. g5 fxg5 52. fxg5
Rg3 53. g6 Ke7 54. Kd5 Kf6 55. Ke4 Kg5 56. Rh7 Kf6 57. Kf4 Rh3 58. Kg4 Rh1 59.
f4 Rg1+ 60. Kf3 Rh1 61. g7 Rg1 62. Bg4 Kf7 63. f5 Kg8 64. Rh8+ Kxg7 65. Rh2 Kf6
66. Rh5 Ke5 67. Rg5 Rf1+ 68. Ke2 Rf4 69. Ke3 Re4+ 70. Kf3 Rf4+ 71. Kg3 Ke4 72.
Rh5 Ke3 73. Kh4 Rf1 74. Kg5 Rf4 75. f6 Ke4 76. Kg6 Rxg4+ 1-0

[Event "Tournoi francophone 014 Groupe E"]
[Site "Skype"]
[Date "????.??.??"]
[Round "4.1"]
[White "Ruiz Aguilera, Juan Jesus"]
[Black "Dhenain, Sebastien"]
[Result "1-0"]
[WhiteElo "1083"]
[BlackElo "1086"]
[PlyCount "49"]

1. d4 d5 2. Bf4 Nf6 3. e3 Nc6 4. Nf3 Bg4 5. Nbd2 Ne4 6. c4 Nxd2 7. Qxd2 Bxf3 8.
gxf3 e6 9. cxd5 Bb4 10. Bb5 Bxd2+ 11. Kxd2 O-O 12. dxc6 Qe7 13. a3 Rad8 14.
Rac1 e5 15. Bg3 exd4 16. e4 Qg5+ 17. Kd3 f5 18. cxb7 fxe4+ 19. fxe4 Rf3+ 20.
Ke2 Qg4 21. h3 Re3+ 22. Kd2 Qe2+ 23. Bxe2 Rxe4 24. Bxc7 Rde8 25. Bc4+ 1-0

[Event "Tournoi francophone 014 Groupe E"]
[Site "Skype"]
[Date "????.??.??"]
[Round "4.2"]
[White "Vello, Pablo"]
[Black "Busto, Ricardo"]
[Result "1-0"]
[WhiteElo "1135"]
[BlackElo "1210"]
[PlyCount "62"]

1. d4 Nf6 2. Nc3 d6 3. e4 e5 4. dxe5 dxe5 5. Qxd8+ Kxd8 6. Bg5 Nbd7 7. O-O-O
Bd6 8. Nd5 h6 9. Bh4 g5 10. Nxf6 Nxf6 11. Bg3 Ke7 12. f3 Nh5 13. Bf2 Be6 14.
Kb1 Rad8 15. g4 Nf6 16. Ne2 b6 17. Nc3 a6 18. h4 a5 19. Nd5+ Nxd5 20. exd5 Bc8
21. Bd3 Bb7 22. Bf5 c6 23. Bxb6 Rdg8 24. Bxa5 cxd5 25. h5 Bc6 26. Rhe1 f6 27.
Rd3 d4 28. Be4 Bb5 29. Rb3 Bd7 30. Rb7 Rb8 31. Ra7 Kf8 1-0

[Event "Tournoi francophone 014 Groupe E"]
[Site "Skype"]
[Date "????.??.??"]
[Round "4.3"]
[White "Ramirez, Luis Antonio"]
[Black "Cengiz, Ali Ekber"]
[Result "0-1"]
[WhiteElo "1075"]
[BlackElo "1098"]
[PlyCount "70"]

1. d4 d5 2. c4 c6 3. Nf3 Nf6 4. Qc2 h6 5. g3 e6 6. Bg2 Be7 7. O-O Nbd7 8. Bf4
Nb6 9. c5 Nc4 10. b3 Na5 11. Nc3 b6 12. Bd6 bxc5 13. Bxe7 Qxe7 14. Ne5 cxd4 15.
Na4 Qd6 16. Nxf7 Kxf7 17. Qd3 e5 18. Rac1 Nb7 19. f4 e4 20. Qxd4 Re8 21. e3 Bf5
22. Rf2 h5 23. h3 Qd7 24. Nc5 Nxc5 25. Rxc5 Rab8 26. Rc3 Rbc8 27. g4 hxg4 28.
hxg4 Bxg4 29. f5 Qd6 30. Rf4 Rh8 31. Bh1 Rh5 32. Rc2 Rch8 33. Bg2 Bf3 34. Bxf3
exf3 35. Rf2 Rh1# 0-1

[Event "Tournoi francophone 014 Groupe E"]
[Site "Skype"]
[Date "????.??.??"]
[Round "4.4"]
[White "Rodriguez, Nathalie"]
[Black "Maccaferri, Massimo"]
[Result "1-0"]
[WhiteElo "1266"]
[BlackElo "1074"]
[PlyCount "33"]

1. c4 b6 2. e4 Ba6 3. d3 e5 4. Nf3 Qe7 5. Be2 h6 6. Bd2 g5 7. Bc3 d6 8. h3 Bc8
9. d4 g4 10. Nfd2 Qh4 11. g3 Qg5 12. dxe5 dxe5 13. hxg4 Nf6 14. Nf3 Qg8 15.
Bxe5 Bg7 16. Bxc7 Nxg4 17. Qd8# 1-0

[Event "Tournoi francophone 014 Groupe E"]
[Site "Skype"]
[Date "????.??.??"]
[Round "4.5"]
[White "Guillaume, Mickael"]
[Black "Hargez, Dany"]
[Result "0-1"]
[WhiteElo "1106"]
[BlackElo "1296"]
[PlyCount "46"]

1. e4 c5 2. d4 cxd4 3. Nf3 e5 4. Nxe5 Bd6 5. Qxd4 Qe7 6. Nf3 Nc6 7. Qxg7 Qxe4+
8. Be2 Nce7 9. Qxh8 Qxc2 10. Nbd2 f6 11. O-O b6 12. Nd4 Qc7 13. N2f3 Bb7 14.
Bd3 Bxf3 15. Nxf3 O-O-O 16. Qxh7 Kb7 17. Qe4+ Nc6 18. Be3 Nge7 19. Qh4 f5 20.
Bg5 Qb8 21. Bxe7 Rh8 22. Qa4 Bxh2+ 23. Nxh2 Qxh2# 0-1

[Event "Tournoi francophone 014 Groupe E"]
[Site "Skype"]
[Date "????.??.??"]
[Round "5.1"]
[White "Hargez, Dany"]
[Black "Ruiz Aguilera, Juan Jesus"]
[Result "0-1"]
[WhiteElo "1296"]
[BlackElo "1083"]
[PlyCount "88"]

1. e4 e5 2. Nf3 Nf6 3. d3 d6 4. Nc3 g6 5. Bg5 Bg7 6. Nd5 Nbd7 7. Qd2 c6 8.
Nxf6+ Bxf6 9. Be3 O-O 10. h4 Bg7 11. Bh6 Nf6 12. h5 Bg4 13. Be2 Bxh5 14. Bg5
Rc8 15. Nh4 Bxe2 16. Qxe2 d5 17. O-O-O dxe4 18. dxe4 Qe7 19. Nf3 Rcd8 20. Bh6
Rxd1+ 21. Qxd1 Rd8 22. Qe2 Bxh6+ 23. Rxh6 Kg7 24. Rh1 Qe6 25. Kb1 Qg4 26. Rd1
Rxd1+ 27. Qxd1 Qxg2 28. Qe2 Qh1+ 29. Ne1 Qxe4 30. Qxe4 Nxe4 31. Nd3 h5 32. f3
Nd2+ 33. Kc1 Nxf3 34. Kd1 h4 35. Nf2 g5 36. Ng4 h3 37. Ke2 h2 38. Nf2 g4 39.
Nh1 e4 40. Kf2 f5 41. Ke3 Kf6 42. Kf4 Ke6 43. Kg3 e3 44. Kg2 e2 0-1

[Event "Tournoi francophone 014 Groupe E"]
[Site "Skype"]
[Date "????.??.??"]
[Round "5.2"]
[White "Maccaferri, Massimo"]
[Black "Guillaume, Mickael"]
[Result "0-1"]
[WhiteElo "1074"]
[BlackElo "1106"]
[PlyCount "68"]

1. e4 e5 2. Bc4 Bc5 3. Qh5 Qe7 4. Nf3 Nf6 5. Qxe5 d6 6. Qxe7+ Kxe7 7. e5 Ng4 8.
d4 Bb6 9. h3 Nh6 10. g4 Be6 11. d5 Bd7 12. Bf4 dxe5 13. Bxe5 f6 14. Bf4 Nf7 15.
O-O h5 16. Re1+ Kd8 17. d6 Nxd6 18. g5 Nxc4 19. b3 Nd6 20. Nc3 Bxh3 21. Rad1
Bc5 22. Nb5 Kd7 23. c3 Bg4 24. Kg2 a6 25. b4 Bxb4 26. Nxd6 Bxd6 27. gxf6 gxf6
28. c4 b6 29. c5 bxc5 30. Re4 Nc6 31. Rc4 Ke6 32. Re1+ Kd5 33. Rc2 Bxf3+ 34.
Kxf3 Nd4+ 0-1

[Event "Tournoi francophone 014 Groupe E"]
[Site "Skype"]
[Date "????.??.??"]
[Round "5.3"]
[White "Cengiz, Ali Ekber"]
[Black "Rodriguez, Nathalie"]
[Result "1-0"]
[WhiteElo "1098"]
[BlackElo "1266"]
[PlyCount "53"]

1. e4 e5 2. Nf3 Nc6 3. Bc4 Nd4 4. Nxe5 Qg5 5. Bxf7+ Ke7 6. Bxg8 Qxg2 7. Bc4
Qxh1+ 8. Bf1 Qxe4+ 9. Be2 d6 10. d3 Nf3+ 11. Nxf3 Qg4 12. Bg5+ Ke8 13. Nc3 h6
14. Be3 Be7 15. Nd5 Qd7 16. c3 c6 17. Nf4 Rf8 18. Qb3 Qf5 19. Nd4 Qf6 20. O-O-O
d5 21. Bh5+ g6 22. Nxg6 Rh8 23. Nxh8+ Kf8 24. Ng6+ Kg7 25. Rg1 Bd7 26. Nxe7+
Kf8 27. Ng6+ 1-0

[Event "Tournoi francophone 014 Groupe E"]
[Site "Skype"]
[Date "????.??.??"]
[Round "5.5"]
[White "Dhenain, Sebastien"]
[Black "Vello, Pablo"]
[Result "0-1"]
[WhiteElo "1086"]
[BlackElo "1135"]
[PlyCount "84"]

1. e4 e6 2. d4 d5 3. exd5 exd5 4. Nf3 Bd6 5. Nc3 c6 6. Bg5 Ne7 7. Bxe7 Bxe7 8.
Qe2 O-O 9. O-O-O Bg4 10. h3 Bh5 11. g4 Bg6 12. Ne5 Re8 13. Kb1 Nd7 14. Nxg6
hxg6 15. h4 Bxh4 16. Qd2 Bg5 17. Qd3 Nf6 18. Bh3 Ne4 19. Nxe4 Rxe4 20. Bg2 Rxg4
21. Qh3 Rh4 22. Qg3 Rxh1 23. Rxh1 Qe7 24. f4 Bh6 25. Re1 Qf6 26. Rf1 Qxd4 27.
b3 Re8 28. Qf3 Qd2 29. Kb2 Re2 30. Ka3 Rxg2 31. Qh3 Qxc2 32. Re1 Qxa2+ 33. Kb4
a5+ 34. Kc5 Rc2+ 35. Kd6 Bxf4+ 36. Kd7 Re2 37. Rh1 Bh6 38. Qf3 Qb2 39. Rf1 f5
40. Qg3 Kf7 41. Qd6 Qf6 42. Qxf6+ Kxf6 0-1

[Event "Tournoi francophone 014 Groupe E"]
[Site "Skype"]
[Date "????.??.??"]
[Round "6.1"]
[White "Ruiz Aguilera, Juan Jesus"]
[Black "Vello, Pablo"]
[Result "1/2-1/2"]
[WhiteElo "1083"]
[BlackElo "1135"]
[PlyCount "48"]

1. d4 Nf6 2. Bf4 d6 3. g3 Nbd7 4. Nf3 e6 5. Bg2 Be7 6. Nbd2 Nd5 7. Bg5 Bxg5 8.
Nxg5 Qxg5 9. Nf3 Qe7 10. e4 N5f6 11. e5 dxe5 12. dxe5 Ng4 13. Qd4 Nh6 14. O-O
Qc5 15. c3 Qxd4 16. Nxd4 Nxe5 17. f4 Nd7 18. Rae1 O-O 19. h3 Nc5 20. b4 Na4 21.
Re3 Nb6 22. Nb5 c6 23. Nd6 Nd5 24. Rd3 Rd8 1/2-1/2

[Event "Tournoi francophone 014 Groupe E"]
[Site "Skype"]
[Date "????.??.??"]
[Round "6.3"]
[White "Rodriguez, Nathalie"]
[Black "Busto, Ricardo"]
[Result "1-0"]
[WhiteElo "1266"]
[BlackElo "1210"]
[PlyCount "45"]

1. d4 Nf6 2. Bf4 d6 3. e3 Nbd7 4. Nf3 c5 5. Nc3 a6 6. a3 Qc7 7. Bg3 cxd4 8.
Nxd4 e5 9. Nf5 g6 10. Nh4 Be7 11. Be2 O-O 12. O-O Nc5 13. f4 exf4 14. Bxf4 Be6
15. Bg3 Nce4 16. Nxe4 Nxe4 17. Qe1 Nxg3 18. Qxg3 Qd8 19. Nf3 Rc8 20. Bd3 Qb6
21. Nd4 Bd5 22. b4 Bf6 23. Rxf6 1-0

[Event "Tournoi francophone 014 Groupe E"]
[Site "Skype"]
[Date "????.??.??"]
[Round "6.4"]
[White "Guillaume, Mickael"]
[Black "Cengiz, Ali Ekber"]
[Result "1-0"]
[WhiteElo "1106"]
[BlackElo "1098"]
[PlyCount "85"]

1. e4 e5 2. Nf3 d6 3. d4 c6 4. dxe5 dxe5 5. Qxd8+ Kxd8 6. Nxe5 Be6 7. Bc4 Bxc4
8. Nxc4 f6 9. O-O Nd7 10. Rd1 Ke7 11. Bf4 Kf7 12. Rxd7+ Ke6 13. Rxb7 Rd8 14.
Nbd2 Bc5 15. Rc7 Ne7 16. Be3 Bxe3 17. fxe3 f5 18. exf5+ Nxf5 19. Kf2 Rhf8 20.
Ke2 Kd5 21. e4+ Kd4 22. c3+ Kc5 23. b4+ Kb5 24. a4+ Ka6 25. Rxc6+ Kb7 26. Na5+
Kb8 27. exf5 Rxf5 28. Re6 Rc8 29. Nc6+ Kb7 30. b5 Rg5 31. g3 Rh5 32. h4 g5 33.
Re7+ Kb6 34. Nf3 gxh4 35. gxh4 a6 36. c4 Rf8 37. Ncd4 Rf4 38. Ke3 Rg4 39. Re6+
Kc7 40. bxa6 Ra5 41. Re7+ Kd8 42. a7 Kxe7 43. Nc6+ 1-0

[Event "Tournoi francophone 014 Groupe E"]
[Site "Skype"]
[Date "????.??.??"]
[Round "6.5"]
[White "Hargez, Dany"]
[Black "Maccaferri, Massimo"]
[Result "1-0"]
[WhiteElo "1296"]
[BlackElo "1074"]
[PlyCount "23"]

1. e4 e5 2. Nf3 Nc6 3. Bc4 Nd4 4. Nxd4 exd4 5. d3 g5 6. Nd2 h5 7. Nf3 Be7 8.
Nxd4 Bf6 9. Nf5 d6 10. Ne3 Bd4 11. Qf3 g4 12. Qxf7# 1-0

[Event "Tournoi francophone 014 Groupe E"]
[Site "Skype"]
[Date "????.??.??"]
[Round "7.1"]
[White "Maccaferri, Massimo"]
[Black "Ruiz Aguilera, Juan Jesus"]
[Result "1-0"]
[WhiteElo "1074"]
[BlackElo "1083"]
[PlyCount "45"]

1. e4 e5 2. Bc4 Nf6 3. Nc3 c6 4. g4 h6 5. d3 d5 6. exd5 cxd5 7. Bb5+ Bd7 8.
Bxd7+ Nbxd7 9. h4 Be7 10. g5 hxg5 11. Bxg5 a6 12. Bxf6 Bxf6 13. Nxd5 Rxh4 14.
Rxh4 Bxh4 15. Nf3 Be7 16. Qe2 f6 17. Nh4 Nb6 18. Qh5+ Kf8 19. Nxb6 Ra7 20. Ng6+
Kf7 21. Nxe5+ Ke6 22. Nbc4 Qd5 23. Qf7+ 1-0

[Event "Tournoi francophone 014 Groupe E"]
[Site "Skype"]
[Date "????.??.??"]
[Round "7.2"]
[White "Cengiz, Ali Ekber"]
[Black "Hargez, Dany"]
[Result "1-0"]
[WhiteElo "1098"]
[BlackElo "1296"]
[PlyCount "85"]

1. e4 e5 2. Nf3 d6 3. Nc3 Nf6 4. Bc4 Bg4 5. h3 Be6 6. Bb5+ c6 7. Be2 Nbd7 8. d4
exd4 9. Qxd4 Be7 10. Bf4 d5 11. e5 Bc5 12. Qd3 Nh5 13. Be3 O-O 14. g4 Bxe3 15.
Qxe3 Nhf6 16. exf6 Nxf6 17. g5 Nd7 18. h4 Re8 19. O-O-O Bf5 20. Qf4 Bg6 21. h5
Be4 22. g6 fxg6 23. hxg6 Bxg6 24. Nh4 Rf8 25. Qg3 Rf6 26. Nxg6 Rxg6 27. Qh3 Rh6
28. Qe6+ Rxe6 29. Nxd5 cxd5 30. Rxd5 Qe7 31. Bc4 Kh8 32. Rdd1 Ne5 33. Bxe6 Qxe6
34. Rhe1 Qxa2 35. Kd2 Rd8+ 36. Ke2 Qa6+ 37. Ke3 Ng4+ 38. Kf3 Rf8+ 39. Kxg4 Qg6+
40. Kh3 Rf3+ 41. Kh2 Qh5+ 42. Kg1 Qh4 43. Re8+ 1-0

[Event "Tournoi francophone 014 Groupe E"]
[Site "Skype"]
[Date "????.??.??"]
[Round "7.3"]
[White "Busto, Ricardo"]
[Black "Guillaume, Mickael"]
[Result "0-1"]
[WhiteElo "1210"]
[BlackElo "1106"]
[PlyCount "42"]

1. d4 d5 2. Nf3 Nf6 3. Bf4 Bf5 4. Nbd2 Nbd7 5. e3 c6 6. h3 Qb6 7. b3 e6 8. c3
Ba3 9. Ne5 Bb2 10. Nxd7 Kxd7 11. Nf3 Bxc3+ 12. Nd2 Bxa1 13. Qxa1 Qa5 14. Qb2
Ne4 15. b4 Qa4 16. Nxe4 Bxe4 17. Be2 Bxg2 18. Rg1 Bxh3 19. Rxg7 Raf8 20. Bd1
Qa6 21. Be2 Qb6 0-1